000 00465nam a2200181Ia 4500
001 16954
005 20260306170349.0
008 260306t2015||||xx |||||||||||||| ||und||
041 _aESP
082 _a657.3
_bT19C
100 _aTanaka Nakasone, Gustavo
_eAUT
245 0 _aContabilidad y análisis financiero:
_bun enfoque para el Perú
260 _c2015
300 _a431 páginas :
_c24 cm.
650 _aGEN
654 _aCCO
942 _cLIB
_dJUS
_fJUS
_2ddc
_n
999 _c16954
_d16954